000 00377nam a22001577a 4500
005 20200531150333.0
008 200531b xxu||||| |||| 00| 0 eng d
041 _aeng
082 _a340
100 _aBARE ACT
_95744
245 _aTHE NATIONAL FOOD SECURITY ACT, 2013
260 _aDELHI
_bPROFESSIONAL BOOK PUBLISHERS
300 _a54;p
650 _aLAW
_95701
942 _cBK
999 _c6721
_d6719